Normal view
MARC view
Entry Personal Name
001 - CONTROL NUMBER
- control field: 79220
003 - CONTROL NUMBER IDENTIFIER
- control field: OSt
005 - DATE AND TIME OF LATEST TRANSACTION
- control field: 20220918192454.0
008 - FIXED-LENGTH DATA ELEMENTS
- fixed length control field: 220918|| aca||aabn | a|a d
040 ## - CATALOGING SOURCE
- Original cataloging agency: OSt
- Transcribing agency: OSt
100 ## - HEADING--PERSONAL NAME
- Personal name: Bowman Archibald Allan
670 ## - SOURCE DATA FOUND
- Source citation: Work cat.: (OSt)194757: Bowman Archibald Allan, Sacramental universe, being a study in the metaphysics of experience , ed by J W Scott, 1939
